[Event "Morava Region-chTA"]
[Site "Czech Republic"]
[Date "2024.12.15"]
[Round "5.3"]
[White "Pavera, Vit"]
[Black "Navrat, Roman"]
[Result "0-1"]
[WhiteElo "2001"]
[BlackElo "1749"]
[PlyCount "64"]
[EventDate "2024.10.13"]
[EventType "team-tourn"]
[EventRounds "11"]
[EventCountry "CZE"]
[SourceTitle "CB16_2025"]
[SourceDate "2025.04.16"]
[SourceVersion "1"]
[SourceVersionDate "2025.04.16"]
[SourceQuality "1"]
[WhiteTeam "Opava Orel"]
[BlackTeam "Ludgerovice"]
[WhiteTeamCountry "CZE"]
[BlackTeamCountry "CZE"]

1. d4 Nf6 2. Nf3 d5 3. e3 c6 4. Bd3 Bg4 5. Nbd2 e6 6. 0-0 Bd6 7. e4 dxe4 8. Nxe4 Nxe4 9. Bxe4 Bxf3 10. Qxf3 Nd7 11. c4 0-0 12. b3 Nf6 13. Bc2 Qd7 14. Rd1 Rad8 15. Bg5 Be7 16. Qh3 g6 17. Qh4 Kg7 18. Bh6+ Kg8 19. Bxf8 Rxf8 20. Rd3 Rd8 21. Rad1 Kg7 22. Qg5 Nd5 23. Qc1 Nb4 24. Rh3 h5 25. Bb1 c5 26. a3 Nc6 27. d5 Nd4 28. Qe3 exd5 29. Rxd4 cxd4 30. Qxd4+ Bf6 31. Qd3 dxc4 32. bxc4 Qg4 0-1